Представление документа в формате MARC21

Поле Инд. ПП Название Значение
Тип записи a
Библиографический уровень b
001 Контрольный номер a86af75cacff425886392388d7df1142
005 Дата корректировки 20211123152116.1
040 a Служба первич. каталог. Scopus
041 0_ a Код языка текста eng
097 a Костяева О.Г.
100 1_ a Автор Zborovský I.
100 1_ a Автор Tokarev M.
c Титул (звания) доцент (ученое звание); доктор физико-математических наук; заведующий кафедрой;
g Прочие сведения РИНЦ AuthorID: 26669 (http://elibrary.ru/author_items.asp?authorid=26669)
i 000090257
k Кафедра общей физики; Общеобразовательные кафедры
q Полное имя Токарев Михаил Владимирович
u Дополнение Токарев М. В.
245 10 a Заглавие Self-Similarity, fractality and entropy principle in collisions of hadrons and nuclei at tevatron, RHIC and LHC
773 18 t Название источника Proceedings of Science
d Место и дата издания 2021
m Специф. данные входит в Scopus;сборник трудов конференции
o Прочие индексы scopus 0.03
x ISSN 1824-8039
q -
g Прочая информация V. 390. - P. 575
a Заголовок основной записи 40th International Conference on High Energy Physics, ICHEP 2020; Virtual, Prague; Czech Republic; 28 July 2020 до 6 August 2020
w Контрольный № источника 427c302de3ec48df950d4e82f8826b43
901 t Тип документа b
952 c Вид литературы материалы конференции